50 Titles by Antonym Quiz Stats

 Plays Quiz Updated Sep 10, 2013

Support Sporcle.
Go Orange.
Score 0/50 Timer 08:00
0 Plays Today
Opposite Title Correct Title % Correct
A Soft Night's DayA Hard Day's Night
94.6%
DownUp
94.3%
GoodBad
94%
Day of the Dead LivingNight of the Living Dead
93%
The Queen of KingsThe King of Queens
92.3%
South by SoutheastNorth by Northwest
91.3%
Poor Woman, Rich WomanRich Man, Poor Man
89.4%
Little SisterBig Brother
89.4%
AA BottomZZ Top
89.2%
The Prince GroomThe Princess Bride
88.2%
White UglinessBlack Beauty
88%
HeavengirlHellboy
87.4%
Women at PlayMen at Work
87.1%
Forward to the PastBack to the Future
86.3%
Yesterday Always LivesTomorrow Never Dies
85.2%
Die Incarcerated or Live EasyLive Free or Die Hard
85.1%
VillainsHeroes
84.2%
The Tiny AwakeThe Big Sleep
84.2%
Hi Hi HateBye Bye Love
83.8%
The Woman from A.U.N.T.The Man from U.N.C.L.E.
83.5%
Bad Morning SunGoodnight Moon
83.5%
The InsidersThe Outsiders
83.2%
The Tame Tame EastThe Wild Wild West
81.3%
Low MidnightHigh Noon
81.2%
Mrs. DadMr. Mom
80.7%
Opposite Title Correct Title % Correct
Divorced... without AdultsMarried... with Children
80.1%
Dependence NightIndependence Day
78.8%
2 Slow 2 Calm2 Fast 2 Furious
77.4%
The SitThe Stand
75.8%
Unemployed BoyWorking Girl
74.9%
The Strongest DetachmentThe Weakest Link
73.5%
Sane, Intelligent, HateCrazy, Stupid, Love
70.5%
BoosCheers
69.9%
The GeniusThe Idiot
68.5%
Little Boys CryBig Girls Don't Cry
68.2%
Husband KeepWife Swap
65.1%
A Hello to LegsA Farewell to Arms
63%
The Fictions of DeathThe Facts of Life
59.8%
Died to WalkBorn to Run
56.1%
North DriveSouth Park
54.1%
Coming from a Stop-StopGoing to a Go-Go
50.2%
Forlorn ApartHappy Together
45.7%
Woman vs. Well-BehavedMan vs. Wild
40.7%
The Familiar PersonThe Stranger
40.5%
Didn't SeeSaw
38.9%
Undisguised UnderlingUndercover Boss
38.2%
She's Light, She Ain't My SisterHe Ain't Heavy, He's My Brother
38%
The Silence and the CalmThe Sound and the Fury
30.8%
Bottom of the MomsTop of the Pops
22.1%
The Lord AppearsThe Lady Vanishes
11.1%

From the Vault

Quadruple Homophones

by metashades

This is four times the fun of your average homophone quiz!
Remove Ads.
Support Sporcle.
Get the best of Sporcle when you Go Orange. This ad-free experience offers more features, more stats, and more fun while also helping to support Sporcle. Thank you for becoming a member.

Show Comments

Extras

Top Quizzes Today


Score Distribution

Your Account Isn't Verified!

In order to create a playlist on Sporcle, you need to verify the email address you used during registration. Go to your Sporcle Settings to finish the process.

Report this User

Report this user for behavior that violates our Community Guidelines.

Details: